<?xml version="1.0" encoding="UTF-8"?>
<marc:record xmlns:marc="http://www.loc.gov/MARC21/slim">
   <marc:leader>00000nam a2200000 a 4500</marc:leader>
   <marc:datafield ind1="1" ind2=" " tag="100">
      <marc:subfield code="a">Sabbag, Britta</marc:subfield>
      <marc:subfield code="4">aut</marc:subfield>
      <marc:subfield code="e">Verfasser/-in</marc:subfield>
   </marc:datafield>
   <marc:datafield ind1="1" ind2=" " tag="100">
      <marc:subfield code="a">Kelly, Maite</marc:subfield>
      <marc:subfield code="4">aut</marc:subfield>
      <marc:subfield code="e">Verfasser/-in</marc:subfield>
   </marc:datafield>
   <marc:datafield ind1="0" ind2="0" tag="245">
      <marc:subfield code="a">Die kleine Hummel Bommel sucht das Glück</marc:subfield>
   </marc:datafield>
   <marc:datafield ind1="0" ind2="0" tag="245">
      <marc:subfield code="c">Sabbag, Britta</marc:subfield>
   </marc:datafield>
   <marc:datafield ind1=" " ind2="1" tag="264">
      <marc:subfield code="a">München</marc:subfield>
      <marc:subfield code="b">arsEdition</marc:subfield>
      <marc:subfield code="c">2019</marc:subfield>
   </marc:datafield>
   <marc:datafield ind1="1" ind2=" " tag="520">
      <marc:subfield code="a">Angaben aus der Verlagsmeldung

Die kleine Hummel Bommel sucht das Glück / von Britta Sabbag, Maite Kelly

Die Papp-Bilderbuchausgabe des Bilderbuch-Bestsellers "Die kleine Hummel Bommel sucht das Glück". 

Nachdem die kleine Hummel Bommel in Band 1 gelernt hat, dass ihr einzig und alleine eine Portion Mut zum Fliegen gefehlt hat, macht sie sich nun auf in die große weite Welt: Sie packt ihren kleinen Rucksack und macht sich auf die Suche nach dem Glück.
Ihre Reise führt sie durch die verschiedensten Städte – über London, New York bis nach Paris. Doch als Bommel dort über den Dächern der Stadt sitzt und die leere Brotdose von Mama Hummel öffnet, erkennt sie: Das Glück ist da, wo man zu Hause ist, wo Familie und Freunde sind.

Weitere Informationen, Spiele und Downloads auf http://www.hummelbommel.de/

</marc:subfield>
   </marc:datafield>
   <marc:datafield ind1=" " ind2=" " tag="020">
      <marc:subfield code="a">9783845832234</marc:subfield>
      <marc:subfield code="9">9783845832234</marc:subfield>
   </marc:datafield>
   <marc:datafield ind1=" " ind2=" " tag="041">
      <marc:subfield code="a">ger</marc:subfield>
   </marc:datafield>
   <marc:datafield ind1=" " ind2=" " tag="300">
      <marc:subfield code="a">26 Seiten</marc:subfield>
   </marc:datafield>
</marc:record>
